[Event "TCh-CZE 2010-11"]
[Site "Czech Rep CZE"]
[Date "2011.01.23"]
[Round "7.2"]
[White "Tazbir,M"]
[Black "Antoniewski,R"]
[Result "1/2-1/2"]
[WhiteElo "2527"]
[BlackElo "2604"]

1.e4 c5 2.Nf3 Nc6 3.Nc3 e6 4.d4 cxd4 5.Nxd4 Qc7 6.Be2 Nf6 7.O-O a6 8.Be3 Bb4
9.Nxc6 bxc6 10.Qd3 Be7 11.f4 d6 12.Na4 c5 13.c4 Bb7 14.Nc3 O-O 15.Rad1 Rad8
16.Bf3 Rfe8 17.Bf2 Nd7 18.Rd2 Nb8 19.Rfd1 Nc6 20.Kh1 Bf6 21.Ne2 e5 22.Nc3 Nd4
23.fxe5 Bxe5 24.Bh4 Rb8 25.Bg4 Bc6 26.Rf1 f6 27.Bf2 Qf7 28.Bg1 Kh8 29.Nd5 Ne6
30.Qe2 Ng5 31.h4 Ne6 32.Bh5 g6 33.Bg4 Nd4 34.Qd1 Qg7 35.Bh3 Bxd5 36.cxd5 Qh6
37.h5 gxh5 38.b3 Rg8 39.Rd3 Rg4 40.Qe1 Qg6 41.Bxd4 cxd4 42.Bxg4 hxg4 43.g3 Rc8
44.Qe2 a5 45.Kg2 h5 46.a3 Rb8 47.Qe1  1/2-1/2

[Event "TCh-BEL 2010-11"]
[Site "Loncin BEL"]
[Date "2011.01.23"]
[Round "7.7"]
[White "Gulbas,C"]
[Black "Swinkels,R"]
[Result "0-1"]
[WhiteElo "2399"]
[BlackElo "2478"]

1.e4 c5 2.Nf3 e6 3.d4 cxd4 4.Nxd4 Nc6 5.Nc3 Qc7 6.Be3 a6 7.Qd2 Nf6 8.f3 Ne5
9.O-O-O b5 10.Kb1 Rb8 11.g4 h6 12.h4 b4 13.Na4 d5 14.g5 hxg5 15.Bxg5 Nxf3
16.Nxf3 Nxe4 17.Qe3 Bd6 18.Bd3 Bd7 19.Bxe4 dxe4 20.Qxe4 Bxa4 21.Nd4 Bd7 22.Rhe1 Kf8
23.Qd3 e5 24.Nf3 Bc6 25.Qxd6+ Qxd6 26.Rxd6 Bxf3 27.Rxe5 Bg4 28.Red5 Re8 29.Bd2 Rxh4
30.Bxb4 Kg8 31.b3 Bf3 32.Rd4 Rxd4 33.Rxd4 g5 34.Bd6 Re2 35.c4 f5 36.b4 Be4+
37.Ka1 Kf7 38.a4 f4 39.b5 axb5 40.cxb5 f3 41.Bg3 Ke6 42.a5 Bd5 43.a6 Rg2
44.Rxd5 Rxg3 45.Rd8 Rg4 46.Rf8 Rf4 47.Rxf4 gxf4 48.a7 f2 49.a8=Q f1=Q+ 50.Ka2 Qc4+
51.Kb2 Qxb5+ 52.Kc1 Qf1+ 53.Kd2 Qf2+ 54.Kd1 Kf5 55.Qd5+ Kg4 56.Qe6+ Kg3 57.Qg6+ Kh2
58.Qh5+ Kg2 59.Qg6+ Kf1 60.Qa6+ Kg1 61.Qg6+ Qg3 62.Qb6+ Kg2 63.Qb2+ Qf2 64.Qg7+ Kf1
65.Qg4  0-1

[Event "23rd MGU Open"]
[Site "Sofia BUL"]
[Date "2011.01.23"]
[Round "4.2"]
[White "Petrov,Vl5"]
[Black "Sirkova,D"]
[Result "0-1"]
[WhiteElo "1786"]
[BlackElo "2102"]

1.e4 c5 2.Nf3 e6 3.d4 cxd4 4.Nxd4 Nc6 5.Nc3 Qc7 6.a3 a6 7.Be2 Nf6 8.O-O Bd6
9.h3 Nxd4 10.Qxd4 b5 11.Be3 Be5 12.Qd3 Bb7 13.Bd4 O-O 14.Bxe5 Qxe5 15.f4 Qc5+
16.Kh2 d5 17.exd5 Nxd5 18.Nxd5 Bxd5 19.Rad1 Rad8 20.Bf3 Qc7 21.Bxd5 Rxd5
22.Qe4 Rfd8 23.Rxd5 Rxd5 24.Rc1 Qc4 25.Qxc4 bxc4 26.Kg3 Rd2 27.Kf3 Kf8 28.g3 Ke7
29.Ke3 Rg2 30.Kf3 Rh2 31.h4 Kd6 32.Ke3 Kc5 33.b3 c3 34.Rg1 Rd2 35.Rf1 Rxc2
36.Kd3 Rg2 37.Kxc3 Rxg3+  0-1

[Event "Belgrade Individual 2011"]
[Site "Belgrade SRB"]
[Date "2011.01.24"]
[Round "3.1"]
[White "Indjic,A"]
[Black "Abramovic,B"]
[Result "0-1"]
[WhiteElo "2293"]
[BlackElo "2460"]

1.e4 c5 2.Nf3 e6 3.d4 cxd4 4.Nxd4 Nc6 5.Nc3 a6 6.Be2 d6 7.O-O Bd7 8.a4 Nf6
9.Be3 Be7 10.f4 O-O 11.f5 Rc8 12.Nb3 Ne5 13.Qe1 Nc4 14.Bxc4 Rxc4 15.a5 exf5
16.exf5 Re8 17.Qd2 Qc8 18.Qd3 Bb5 19.Nxb5 axb5 20.Nd4 d5 21.Kh1 Bc5 22.Bg1 b4
23.Rae1 Rxe1 24.Rxe1 Bxd4 25.Bxd4 Ne4 26.f6 Rxc2 27.h3 Rc1 28.Qe3 Rxe1+ 29.Qxe1 Qc4
30.Qe3 gxf6 31.b3 Qf1+ 32.Kh2 h5 33.Qh6 Qf5 34.h4 Qg6 35.Qf4 Qg4 36.Qb8+ Kg7
37.Qxb7 Qxh4+ 38.Kg1 Qe1+ 39.Kh2 Qh4+ 40.Kg1 Ng3 41.Bb6 Qh1+ 42.Kf2 Ne4+
43.Ke3 Qe1+ 44.Kf3 Ng5+  0-1

[Event "Gibraltar Masters"]
[Site "Caleta ENG"]
[Date "2011.01.26"]
[Round "2.17"]
[White "Gopal,G"]
[Black "Bellaiche,A"]
[Result "1-0"]
[WhiteElo "2597"]
[BlackElo "2458"]

1.e4 c5 2.Nf3 e6 3.d4 cxd4 4.Nxd4 Nc6 5.Nc3 Qc7 6.Be3 a6 7.Qd2 Nf6 8.O-O-O Bb4
9.f3 Ne5 10.Nb3 b5 11.Qe1 Rb8 12.Qg3 Nh5 13.Qf2 O-O 14.Bc5 Bxc5 15.Qxc5 Qxc5
16.Nxc5 Rb6 17.g3 d6 18.Nb3 Nf6 19.Be2 Bb7 20.Rhe1 Rc8 21.f4 Neg4 22.e5 dxe5
23.Bxg4 Nxg4 24.fxe5 b4 25.Ne4 Bd5 26.Nd6 Rd8 27.Nc4 Rbb8 28.Ne3 Nxe3 29.Rxe3 Rdc8
30.Nd4 Rc5 31.b3 a5 32.Kb2 a4 33.h4 h6 34.Rd2 Ra8 35.Ne2 g5 36.Nc1 Bc6 37.Rd4 Rb8
38.Nd3 Rcb5 39.hxg5 hxg5 40.Rg4 a3+ 41.Kc1 Kf8 42.Rxg5 Ke7 43.Rg4 Bd5 44.Rf4 R5b7
45.Re1  1-0

[Event "Oceania Zonal"]
[Site "Rotorua NZL"]
[Date "2011.01.27"]
[Round "4.1"]
[White "Lane,G"]
[Black "Zhao Zong Yuan"]
[Result "0-1"]
[WhiteElo "2373"]
[BlackElo "2586"]

1.e4 c5 2.Nf3 e6 3.d4 cxd4 4.Nxd4 Nc6 5.Nc3 d6 6.Be2 Nf6 7.Be3 Be7 8.O-O O-O
9.f4 e5 10.Nb3 exf4 11.Rxf4 Ne8 12.Rf1 Bf6 13.Qd2 Be5 14.Bf4 Nf6 15.Bf3 Be6
16.Rad1 Rc8 17.Nd5 Bxd5 18.exd5 Bxf4 19.Qxf4 Qb6+ 20.Kh1 Ne5 21.Nd4 Rfe8
22.b3 Ng6 23.Qd2 Re5 24.c4 Rce8 25.g3 h5 26.Qf2 a6 27.Bg2 Qc7 28.h3 h4 29.gxh4 Nh5
30.Rde1 Nhf4 31.Rxe5 Rxe5 32.Qg3 Nxg2 33.Qxg2 Nxh4 34.Qg4 Qe7 35.Nf5 Nxf5
36.Rxf5 Re2 37.Rf1 Qe5 38.Qc8+ Kh7 39.Qf5+ Qxf5 40.Rxf5 Kg6  0-1

[Event "Gibraltar Masters"]
[Site "Caleta ENG"]
[Date "2011.01.28"]
[Round "4.27"]
[White "Thomassen,J"]
[Black "El Debs,F"]
[Result "1/2-1/2"]
[WhiteElo "2404"]
[BlackElo "2499"]

1.e4 c5 2.Nf3 e6 3.d4 cxd4 4.Nxd4 Nc6 5.Nc3 Qc7 6.Be2 a6 7.O-O Nf6 8.Kh1 Nxd4
9.Qxd4 Bc5 10.Qd3 b5 11.f4 Bb7 12.Bf3 O-O 13.e5 Ne8 14.Bxb7 Qxb7 15.f5 f6
16.a4 b4 17.Ne4 Be7 18.Bf4 exf5 19.Nd6 Nxd6 20.exd6 Bd8 21.Rae1 Rc8 22.Qxf5 Rc4
23.Rf3 Qc6 24.Rg3 Rc5 25.Qg4 g5 26.c3 bxc3 27.b4 Rd5 28.Qh5 Qxa4 29.Qf3 Qb3
30.Bc1 Rxd6 31.Qf5 Qf7 32.Rxc3 Re8 33.Rf1 Rde6 34.Rcf3 Re5 35.Qd3 Qe6 36.Bb2 Re1
37.h3 Rxf1+ 38.Rxf1 Qe2 39.Qxe2 Rxe2 40.Bxf6 Bxf6 41.Rxf6 Re6 42.Rf5 g4 43.hxg4 Re4
44.Rd5 Rxb4 45.Rxd7 Rxg4 46.Ra7 Rh4+ 47.Kg1 Rh6 48.g4 Rb6 49.Kh2 h6 50.Kh3 Rc6  1/2-1/2

[Event "Gibraltar Masters"]
[Site "Caleta ENG"]
[Date "2011.01.28"]
[Round "4.18"]
[White "Gopal,G"]
[Black "Andersen,Mad"]
[Result "1-0"]
[WhiteElo "2597"]
[BlackElo "2410"]

1.e4 c5 2.Nf3 e6 3.d4 cxd4 4.Nxd4 Nc6 5.Nc3 Qc7 6.Be3 a6 7.Be2 Nf6 8.a3 Be7
9.f4 d6 10.O-O O-O 11.Qe1 Bd7 12.Qg3 Nxd4 13.Bxd4 Bc6 14.Kh1 Rfe8 15.a4 g6
16.Bd3 Nh5 17.Qf2 Bf6 18.Bxf6 Nxf6 19.Rae1 Nd7 20.b4 b6 21.f5 exf5 22.exf5 Rxe1
23.Rxe1 Ne5 24.Be4 Re8 25.h3 Ba8 26.Bxa8 Qxc3 27.Bd5 Re7 28.Re4 Qa1+ 29.Re1 Qc3
30.Re4 Qa1+ 31.Kh2 Qd1 32.f6 Re8 33.Bb3 Qh5 34.Rh4 Qg5 35.Rd4 Qh5 36.Qh4 Qe2
37.Qh6 Nf3+ 38.Kg3 Qe1+ 39.Kxf3 Qc3+ 40.Rd3 Qxf6+ 41.Qf4  1-0

[Event "TCh-CAT Div Hon"]
[Site "Barcelona ESP"]
[Date "2011.01.29"]
[Round "1"]
[White "Cuartas,Ja"]
[Black "Gonzalez Garcia,J2"]
[Result "1-0"]
[WhiteElo "2537"]
[BlackElo "2503"]

1.e4 c5 2.Nf3 e6 3.d4 cxd4 4.Nxd4 Nc6 5.Nc3 Qc7 6.f4 a6 7.Nxc6 Qxc6 8.Bd3 b5
9.Qe2 Bb7 10.Bd2 Be7 11.a3 Rc8 12.O-O-O Nf6 13.Rhf1 b4 14.axb4 Bxb4 15.g4 d5
16.exd5 Nxd5 17.Nxd5 Bxd2+ 18.Qxd2 Qxd5 19.Qb4 Qc6 20.f5 e5 21.Rfe1 Qc7 22.Rxe5+ Qxe5
23.Re1 Qxe1+ 24.Qxe1+ Kd8  1-0

[Event "ch-AZE"]
[Site "Baku AZE"]
[Date "2011.01.30"]
[Round "10.2"]
[White "Abdulov,Or"]
[Black "Rasulov,Vu"]
[Result "1/2-1/2"]
[WhiteElo "2334"]
[BlackElo "2483"]

1.e4 c5 2.Nf3 e6 3.d4 cxd4 4.Nxd4 Nc6 5.Nc3 a6 6.Be3 Nf6 7.a3 Qc7 8.Nxc6 bxc6
9.Be2 d5 10.exd5 cxd5 11.Na4 Rb8 12.b4 Bd6 13.Bc5 Be5 14.Rc1 Bf4 15.Be3 a5
16.c4 Bxe3 17.fxe3 axb4 18.cxd5 Qe5 19.dxe6 Bxe6 20.axb4 Rxb4 21.Nc5 Qxe3
22.Nxe6 Qxe6 23.O-O O-O 24.Bf3 h6 25.Rc6 Qe3+ 26.Kh1 Re8 27.Qc1 Qd3 28.Re1 Rxe1+
29.Qxe1 g5 30.h3 Rb1 31.Rc1 Rxc1 32.Qxc1 Qd4 33.Qc8+ Kg7 34.Qf5 Nd7 35.Qd5 Qa1+
36.Qd1 Qa7 37.Qd6 Nf6 38.Qe5 Qa3 39.Kh2 Qd3 40.Be2 Qc2 41.Bh5 Qd3 42.Be2 Qg6
43.Qe3 Qf5 44.Qd4 Qa5 45.Bd1 Qc7+ 46.Kh1 Qe7 47.Bh5 Kg8 48.Bf3 Nd7 49.Qe4 Ne5
50.Qf5 Kg7 51.Bh5 Nc4 52.Qd5 Ne3 53.Qd4+ Kg8 54.Bf3 Nf5 55.Qc3 Ng3+ 56.Kh2 Qd6
57.Qc6 Qe5 58.Qd5 Qf4 59.Kg1 h5 60.Qd1 Qe3+ 61.Kh2 Qe5 62.Kg1 h4 63.Qc1 Kg7
64.Qd1 Kh6 65.Qc1 f6 66.Qb1 Qc5+ 67.Kh2 Qd6 68.Kg1 Qe5 69.Qc1 Qd6 70.Qa1 Kg7
71.Qc1 Qd4+ 72.Kh2 Qe5 73.Kg1 Kh6 74.Qb1 Qd4+ 75.Kh2 Qd6 76.Kg1 f5 77.Qe1 Ne4
78.Qe3 Qe5 79.Bxe4 fxe4 80.Qb6+ Kh5 81.Qb7 Kg6 82.Qa6+ Kf5 83.Qf1+ Ke6 84.Qa6+ Qd6
85.Qc8+ Ke5 86.Qc1 Kf6 87.Qe3 Kf5 88.Kh1 Qd1+ 89.Kh2 Qd3 90.Qc5+ Kf4 91.Qf2+ Ke5
92.Qc5+ Qd5 93.Qe3 Kf5 94.Kg1 Qd1+ 95.Kf2 Qa1 96.Qd2 Qa7+ 97.Ke2 Qa6+ 98.Kf2 Qb6+
99.Ke2 Qb5+ 100.Kf2 Qc5+ 101.Ke2 Qc4+ 102.Kf2 Qb5 103.Ke3 Qb3+ 104.Ke2 Qb5+
105.Kf2 Qb6+ 106.Ke2 Qc5 107.Kf1 Kg6 108.Qa2 Kf6 109.Qd2 Qf5+ 110.Ke2 Kg6
111.Qd6+ Qf6 112.Qd5 Qf5 113.Qg8+ Kh6 114.Qh8+ Kg6 115.Qg8+ Kf6 116.Qf8+ Ke5
117.Qc5+  1/2-1/2

[Event "Gibraltar Masters"]
[Site "Caleta ENG"]
[Date "2011.01.30"]
[Round "6.42"]
[White "Sreeves,C"]
[Black "Andersen,Mad"]
[Result "0-1"]
[WhiteElo "2093"]
[BlackElo "2410"]

1.e4 c5 2.Nf3 e6 3.d4 cxd4 4.Nxd4 Nc6 5.Nc3 Qc7 6.Be3 a6 7.Qd2 Nf6 8.O-O-O Bb4
9.f3 O-O 10.g4 b5 11.g5 Ne8 12.a3 Be7 13.Nf5 exf5 14.Nd5 Qb7 15.exf5 Nc7
16.Nf6+ Kh8 17.Nxh7 Kxh7 18.f6 Ne6 19.Bd3+ Kg8 20.Qf2 Re8 21.Qh4 g6 22.f4 Bf8
23.Rhf1 Ng7 24.f5 Nxf5 25.Bxf5 Ne5 26.Be4 d5 27.Rxd5 Qc7 28.Bd4 Qc4 29.Rd1 Bf5
30.b3 Qe2 31.Bxf5 gxf5 32.g6 Nxg6 33.Rg1 Bxa3+ 34.Kb1 Qd1+ 35.Rxd1 Nxh4 36.Rg1+ Kf8
37.b4 Bxb4 38.c3 Nf3 39.Rg7 Nxd4 40.Rd7 Be7 41.cxd4 Rad8 42.Ra7 Rd6  0-1

[Event "Gibraltar Masters"]
[Site "Caleta ENG"]
[Date "2011.01.30"]
[Round "6.21"]
[White "Vaibhav,S"]
[Black "Fier,A"]
[Result "0-1"]
[WhiteElo "2421"]
[BlackElo "2571"]

1.e4 c5 2.Nf3 e6 3.d4 cxd4 4.Nxd4 Nc6 5.Nc3 Qc7 6.Be2 a6 7.O-O Nf6 8.Be3 Be7
9.f4 d6 10.Kh1 O-O 11.Qe1 Na5 12.Rd1 Nc4 13.Bc1 b5 14.b3 Nb6 15.a3 Bb7 16.Bf3 Nfd7
17.Bb2 Bf6 18.Qf2 Rad8 19.f5 Nc5 20.Ndxb5 Qe7 21.Nd4 Rb8 22.a4 Ba8 23.Ba3 Rfc8
24.fxe6 fxe6 25.a5 Nbd7 26.b4 Nb3 27.Nxb3 Rxc3 28.b5 Be5 29.b6 Rbc8 30.Qe1 Rxc2
31.Rc1 Nf6 32.Rxc2 Rxc2 33.Qb1 Rc4 34.Rc1 Rxc1+ 35.Qxc1 Bb7 36.Nd2 Bf4 37.Qd1 Qd7
38.Nc4 Nxe4 39.Qe1 d5 40.Bxe4 dxe4 41.Bc5 e3 42.Qf1 Qd5 43.Bxe3 Bxe3 44.Nxe3 Qxa5
45.h4 Qxb6 46.Qf4 Qb1+ 47.Kh2 h6 48.Ng4 Qe4 49.Qg3 Kh7 50.h5 Qf5 51.Qh4 Qf4+
52.Kg1 a5 53.Qh3 Qf5  0-1

[Event "Gibraltar Masters"]
[Site "Caleta ENG"]
[Date "2011.01.30"]
[Round "6.35"]
[White "Daurelle,H"]
[Black "Krush,I"]
[Result "0-1"]
[WhiteElo "2243"]
[BlackElo "2483"]

1.e4 c5 2.Nf3 e6 3.d4 cxd4 4.Nxd4 Nc6 5.Nc3 Qc7 6.Be2 a6 7.O-O Nf6 8.Be3 Be7
9.f4 d6 10.Qe1 O-O 11.Qg3 Nxd4 12.Bxd4 b5 13.a3 Bb7 14.Kh1 Bc6 15.Bd3 e5
16.fxe5 Nh5 17.Qh3 dxe5 18.Bxe5 Qxe5 19.Rf5 Ng3+ 20.hxg3 Qe6 21.Nd5 g6 22.Nf4 Qd7
23.e5 Rad8 24.Qh6 Bxg2+ 25.Kh2 Be4 26.Bxe4 gxf5 27.Bd3 Kh8 28.Re1 Rg8 29.e6 Qd4
30.Re2 Bg5 31.Qh5 Bxf4 32.Qxf5 Bxg3+  0-1

[Event "Frauenbundesliga 1st Div 2010-11"]
[Site "Germany GER"]
[Date "2011.01.30"]
[Round "7.2"]
[White "Kulovana,E"]
[Black "Endress,A"]
[Result "1/2-1/2"]
[WhiteElo "2350"]
[BlackElo "2160"]

1.e4 c5 2.Nf3 e6 3.d4 cxd4 4.Nxd4 Nc6 5.Nc3 Qc7 6.Be2 Nf6 7.O-O a6 8.Be3 Bb4
9.Nxc6 bxc6 10.Qd4 Bd6 11.f4 e5 12.Qd2 O-O 13.Rad1 exf4 14.Qxd6 Qxd6 15.Rxd6 fxe3
16.e5 Ne8 17.Rd3 a5 18.Rxe3 d5 19.exd6 Nxd6 20.Rd1 Nf5 21.Re5 Be6 22.Bf3 Rfc8
23.Na4 Nh4 24.Be2 Re8 25.Bf1 Bd5 26.Rh5 Nf3+ 27.Kf2 Ne5 28.Nb6 Rab8 29.Nxd5 cxd5
30.b3 Ng4+ 31.Kg1 Ne3 32.Rd2 Rb4 33.Bd3 g6 34.Rh3 Rf4 35.Rf3 Rxf3 36.gxf3 f5
37.f4 Kf7 38.Be2 Re4 39.Bf3 Rxf4 40.Bxd5+ Kf6 41.Bg2 Rg4 42.Kh1 h5 43.Bf3 Rf4
44.Bg2 g5 45.c4 Ke5 46.Rd3 Nxg2 47.Rd5+ Ke4 48.Kxg2 Rg4+ 49.Kf2 f4 50.Rd8 Rh4
51.Re8+ Kd4 52.Kg2 Rg4+ 53.Kf3 Rg1 54.Rg8 Ke5 55.Re8+ Kf5 56.Rf8+ Ke5 57.Re8+ Kf5
58.Rf8+  1/2-1/2

[Event "Moscow Open F Women"]
[Site "Moscow RUS"]
[Date "2011.01.30"]
[Round "2.7"]
[White "Pourkashiyan,A"]
[Black "Gorozhankina,J"]
[Result "1-0"]
[WhiteElo "2397"]
[BlackElo "2088"]

1.e4 c5 2.Nf3 Nc6 3.d4 cxd4 4.Nxd4 e6 5.Nc3 Qc7 6.g3 a6 7.Bg2 d6 8.O-O Nf6
9.Re1 Be7 10.Nxc6 bxc6 11.e5 dxe5 12.Rxe5 O-O 13.Re1 Bb7 14.Bf4 Qb6 15.Na4 Qa5
16.c4 Rad8 17.Qc2 Nd7 18.Rac1 Nc5 19.Nxc5 Qxc5 20.b4 Qb6 21.Rb1 Rc8 22.c5 Qa7
23.Rb3 Bd8 24.Be4 g6 25.Bh6 Re8 26.Qb2 f6 27.Rd3 Ba8 28.Red1 Qf7 29.Rd7 Be7
30.h4 Red8 31.Qe2 Rxd7 32.Rxd7 Qe8 33.Ra7 a5 34.Bxg6  1-0

[Event "Moscow Open E"]
[Site "Moscow RUS"]
[Date "2011.01.30"]
[Round "2"]
[White "Sychev,K"]
[Black "Maletin,P"]
[Result "1-0"]
[WhiteElo "2259"]
[BlackElo "2621"]

1.e4 c5 2.Nf3 Nc6 3.d4 cxd4 4.Nxd4 e6 5.Nc3 Qc7 6.Be3 a6 7.Qd2 Nf6 8.f3 b5
9.O-O-O Bb7 10.g4 h6 11.h4 b4 12.Na4 d5 13.Bh3 dxe4 14.g5 Nd5 15.Nxe6 fxe6
16.Bxe6 Nxe3 17.Bd7+ Kf7 18.Qxe3 g6 19.h5 Kg7 20.hxg6 h5 21.Nb6 Bd6 22.Bxc6 Bf4
23.Rd7+ Kxg6 24.Rxc7 Bxe3+ 25.Kb1 Bxc6 26.Rxc6+ Kxg5 27.Nxa8 Rxa8 28.Re6 Bf2
29.Rxe4 h4 30.Rxb4 Rf8 31.Rg4+ Kh5 32.Rg2 Bb6 33.Rh3 Rf4 34.Rg8 Bf2 35.c3 Rf6
36.Rg2 Be3 37.Kc2 Bg5 38.Rg4 Rd6 39.Rd4 Re6 40.Re4 Rd6 41.Re2 Bf4 42.b4  1-0

[Event "TCh-HUN 2010-11"]
[Site "Nagykanizsa HUN"]
[Date "2011.01.30"]
[Round "5"]
[White "Bobras,P"]
[Black "Mihok,O"]
[Result "1/2-1/2"]
[WhiteElo "2535"]
[BlackElo "2463"]

1.e4 c5 2.Nf3 e6 3.d4 cxd4 4.Nxd4 Nc6 5.Nc3 Qc7 6.Be3 a6 7.Bd3 Nf6 8.O-O Ne5
9.f4 Neg4 10.Bd2 Bc5 11.Ne2 e5 12.fxe5 d5 13.Bf4 Nxe5 14.exd5 Nxd5 15.c3 Nxf4
16.Nxf4 Nxd3 17.Qxd3 O-O 18.Kh1 Bd7 19.Nd5 Qe5 20.Nf5 Be6 21.c4 Rad8 22.Rae1 Qxb2
23.Rxe6 fxe6 24.Nfe7+ Bxe7 25.Nxe7+ Kh8 26.Ng6+ hxg6 27.Qh3+ Kg8 28.Qxe6+ Kh8
29.Qh3+ Kg8 30.Qe6+ Kh8  1/2-1/2

[Event "Oceania Zonal"]
[Site "Rotorua NZL"]
[Date "2011.01.30"]
[Round "8.7"]
[White "Schon,E"]
[Black "Safarian,Al"]
[Result "1-0"]
[WhiteElo "2157"]
[BlackElo "2013"]

1.e4 c5 2.Nf3 Nc6 3.d4 cxd4 4.Nxd4 e6 5.Nc3 Nf6 6.Ndb5 a6 7.Nd6+ Bxd6 8.Qxd6 Qe7
9.Bf4 Nh5 10.Qxe7+ Kxe7 11.Be3 Rd8 12.Bb6 Re8 13.O-O-O d6 14.Bc7 Kf8 15.Bxd6+ Kg8
16.Be2 Nf6 17.e5 Nd7 18.f4 f5 19.exf6 Nxf6 20.Bf3 Ne7 21.g3 Nf5 22.Bc5 Rb8
23.Ba7 Ra8 24.Bf2 Rb8 25.Rhe1 g6 26.g4 Ng7 27.Ba7 Ra8 28.Bd4 e5 29.fxe5 Nxg4
30.Nd5 Rf8 31.Nf6+ Nxf6 32.exf6 Ne6 33.Bd5 Kf7 34.Bc5 Re8 35.Be7 Rb8 36.Bb3  1-0

[Event "Gibraltar Masters"]
[Site "Caleta ENG"]
[Date "2011.01.31"]
[Round "7.7"]
[White "Edouard,R"]
[Black "Bellaiche,A"]
[Result "1/2-1/2"]
[WhiteElo "2634"]
[BlackElo "2458"]

1.e4 c5 2.Nf3 e6 3.d4 cxd4 4.Nxd4 Nc6 5.Nc3 Qc7 6.Be3 a6 7.Qd2 Nf6 8.O-O-O Bb4
9.f3 Ne5 10.Nb3 b5 11.Kb1 Be7 12.Qf2 d6 13.Bb6 Qb7 14.Bd4 Bd7 15.g4 h6 16.h4 Nc6
17.Be3 Ne5 18.Na5 Qc7 19.Bb6 Qb8 20.Bg2 b4 21.Ne2 Bb5 22.Ng3 Nfd7 23.Bd4 Qc7
24.Nb3 a5 25.Bf1 Bxf1 26.Nxf1 a4 27.Nc1 O-O 28.g5 h5 29.Qe2 Rfc8 30.f4 Nc6
31.Bf2 Qb7 32.Rh3 Na7 33.Bxa7  1/2-1/2

[Event "Gibraltar Masters"]
[Site "Caleta ENG"]
[Date "2011.01.31"]
[Round "7.97"]
[White "Khachatourian,Y"]
[Black "Neumanova,M"]
[Result "1-0"]
[WhiteElo "1996"]
[BlackElo "1712"]

1.e4 c5 2.Nf3 Nc6 3.d4 cxd4 4.Nxd4 e6 5.Nc3 a6 6.Nb3 Nf6 7.Bd3 Be7 8.O-O O-O
9.f4 d6 10.Qf3 Re8 11.Bd2 Qc7 12.Rae1 b5 13.a3 Bb7 14.Qh3 h6 15.Rf3 Bf8 16.Rg3 Kh8
17.Qh4 Be7 18.Qh3 Bf8 19.Rf1 Qd8 20.Ne2 Bc8 21.Rgf3 e5 22.f5 d5 23.Ng3 Rb8
24.Re1 a5 25.exd5 Qxd5 26.Bg5 a4 27.Bxf6 axb3 28.Qxh6+ Kg8 29.Qg5 Nd4 30.Rf2 e4
31.Bxe4 Qc5 32.Ref1 bxc2 33.Bxd4 Qxd4 34.f6 Re5 35.Qf4 gxf6 36.Bh7+  1-0

[Event "Moscow Open Young WGM"]
[Site "Moscow RUS"]
[Date "2011.01.31"]
[Round "3"]
[White "Zawadzka,J"]
[Black "Munguntuul,B"]
[Result "0-1"]
[WhiteElo "2371"]
[BlackElo "2410"]

1.e4 c5 2.Nf3 e6 3.d4 cxd4 4.Nxd4 Nc6 5.Nc3 Qc7 6.Be3 a6 7.Qd2 Nf6 8.O-O-O Be7
9.f3 O-O 10.g4 b5 11.g5 Nh5 12.Kb1 Ne5 13.f4 Ng4 14.Nce2 e5 15.Nf5 Bc5 16.Bh3 Bxe3
17.Nxe3 Nf2 18.Bg4 Nxd1 19.Nd5 Qc5 20.Rxd1 Nxf4 21.Nexf4 exf4 22.b4 Qc4 23.Bf5 Bb7
24.Nb6 Qc7 25.Qf2 Rad8 26.Rd3 g6 27.Nxd7 Rxd7 28.Rxd7 Qc6 29.Bg4 Bc8 30.Rd4 Bxg4
31.Qxf4 Qc3 32.Qd6 Rc8 33.Rd2 Be6  0-1

[Event "16th HIT Open"]
[Site "Nova Gorica SLO"]
[Date "2011.01.31"]
[Round "6"]
[White "Gantar,J"]
[Black "Doric,D"]
[Result "1/2-1/2"]
[WhiteElo "2155"]
[BlackElo "2464"]

1.e4 c5 2.Nf3 e6 3.Nc3 Nc6 4.d4 cxd4 5.Nxd4 Qc7 6.g3 d6 7.Bg2 Nxd4 8.Qxd4 Bd7
9.O-O Nf6 10.a4 a6 11.a5 Rc8 12.h3 Be7 13.Be3 O-O 14.Rfd1 Bc6 15.Qd2 Nd7
16.f4 Rfe8 17.Qf2 Bf6 18.Qd2 d5 19.exd5 Bxc3 20.Qxc3 Bxd5 21.Qxc7 Rxc7 22.c3 Nf6
23.Bd4 Bxg2 24.Kxg2 Nd5 25.Re1 f6 26.Rad1 Kf7 27.Kf2 h5 28.Kf3 Rec8 29.Bf2 g6
30.Re4 Rc4 31.Rde1 R8c6 32.Rxc4 Rxc4 33.Re4 Rc8 34.c4 Nb4 35.b3 Nc6 36.Bb6 e5
37.Re1 Ke6 38.Rd1 Re8 39.Re1 Re7 40.Rd1 Rg7 41.Ke4 f5+ 42.Ke3 h4 43.fxe5 hxg3
44.Kf3 Kxe5 45.Rd5+ Ke6 46.Kxg3 g5 47.Bd4 Nxd4 48.Rxd4 Rd7 49.Rxd7 Kxd7 50.h4 gxh4+
51.Kxh4 Kd6 52.b4 Ke5 53.b5 f4 54.bxa6 bxa6 55.c5  1/2-1/2

[Event "ch-CRO w"]
[Site "Topusko CRO"]
[Date "2011.01.31"]
[Round "2.5"]
[White "Deur,Z"]
[Black "Purgar,I"]
[Result "0-1"]
[WhiteElo "2136"]
[BlackElo "2151"]

1.e4 c5 2.Nf3 e6 3.d4 cxd4 4.Nxd4 Nc6 5.Nc3 Qc7 6.Be3 a6 7.Qd2 Bb4 8.a3 Be7
9.f3 Nf6 10.g4 h6 11.O-O-O b5 12.Nxc6 dxc6 13.Kb1 b4 14.axb4 Rb8 15.Bc5 O-O
16.Bxe7 Qxe7 17.Qd6 Qb7 18.Bxa6 Qa7 19.Bxc8 Ra8 20.Kc1 Rfxc8 21.Qc5 Qa1+
22.Nb1 Rcb8 23.Rd3 Rb5 24.Qc3 c5 25.Qa3 Rxa3 26.Rxa3 Qxa3 27.Nxa3 Rxb4 28.Rd1 Kf8
29.Rd6 Ke7 30.Rc6 Nd7 31.b3 Ne5 32.Rxc5 Nxf3 33.Rc7+ Kf6 34.h3 Rxe4 35.Nc4 Re1+
36.Kb2 e5 37.b4 e4 38.b5 e3 39.Nxe3 Rxe3 40.Rc3 Rxc3 41.Kxc3 Ke5 42.Kb4 Kd6
43.c4 Ne5 44.c5+ Kd5 45.c6 Kd6 46.Kc3 Nf3 47.Kb4 Nd4 48.Kc4 Ne6 49.Kb4 Nd4
50.Kc4 Nxc6 51.bxc6 Kxc6 52.Kd4 Kd6 53.Ke4 Ke6 54.Kf4 Kd5 55.Kf5 Kd4 56.h4 Ke3
57.g5 Kf3 58.g6 fxg6+ 59.Kxg6 Kg4 60.Kxg7 h5 61.Kf6 Kxh4 62.Kf5 Kg3  0-1

[Event "Gibraltar Masters"]
[Site "Caleta ENG"]
[Date "2011.02.01"]
[Round "8.38"]
[White "Tate,A"]
[Black "El Debs,F"]
[Result "1-0"]
[WhiteElo "2292"]
[BlackElo "2499"]

1.e4 c5 2.Nf3 e6 3.d4 cxd4 4.Nxd4 Nc6 5.Nc3 Qc7 6.Be3 a6 7.Qd2 Nf6 8.O-O-O Bb4
9.f3 O-O 10.g4 b5 11.g5 Ne8 12.Nxc6 Qxc6 13.h4 Ba5 14.Qg2 Bxc3 15.bxc3 Qxc3
16.Bd4 Qa3+ 17.Bb2 Qe7 18.h5 e5 19.h6 g6 20.Qg3 d6 21.f4 exf4 22.Qc3 f6 23.Re1 Bb7
24.Bh3 Bxe4 25.Rxe4 Qxe4 26.Re1 Qb7 27.Be6+ Kh8 28.gxf6 Rf7 29.Bxf7  1-0

[Event "Moscow Open F Women"]
[Site "Moscow RUS"]
[Date "2011.02.01"]
[Round "4.38"]
[White "Schepetkova,M"]
[Black "Butneva,L"]
[Result "1-0"]
[WhiteElo "2148"]
[BlackElo "1867"]

1.e4 c5 2.Nf3 e6 3.d4 cxd4 4.Nxd4 Nc6 5.Nc3 Bb4 6.Nb5 Nf6 7.Bf4 e5 8.Bg5 O-O
9.a3 Be7 10.Bxf6 Bxf6 11.h4 g6 12.g3 Nd4 13.Nd5 Nxb5 14.Bxb5 Qa5+ 15.b4 Qxb5
16.Nxf6+ Kg7 17.h5 Qc6 18.Nd5 f5 19.hxg6 Qxg6 20.Ne7 Qe6 21.Qh5 h6 22.Nxf5+ Rxf5
23.exf5 Qf6 24.O-O-O d6 25.Qg6+ Qxg6 26.fxg6 Bf5 27.Rxd6 Rc8 28.Rd2 Rc7 29.Re1 e4
30.Re3 Bxg6 31.Kb2 h5 32.c4 b6 33.Kc3 Kh6 34.f3 exf3 35.Rxf3 Be4 36.Re3 Bf5
37.Re5 Bg4 38.Rd6+ Kg7 39.c5 bxc5 40.bxc5 Bf3 41.Kd4 Kh7 42.Re8 Kg7 43.Red8 Bc6
44.Kc4 a6 45.Kd4 a5 46.Kc4 Kh7 47.Rxc6 Rxc6 48.Rd7+ Kg8 49.Kb5 Rg6 50.c6  1-0

[Event "Moscow Open F Women"]
[Site "Moscow RUS"]
[Date "2011.02.01"]
[Round "4.27"]
[White "Sysoykina,L"]
[Black "Stepovaia Dianchenko,T"]
[Result "0-1"]
[WhiteElo "1943"]
[BlackElo "2389"]

1.e4 c5 2.Nf3 Nc6 3.d4 cxd4 4.Nxd4 e6 5.Nc3 Qc7 6.Be3 a6 7.Qd2 Nf6 8.O-O-O Be7
9.f3 h5 10.Kb1 b5 11.Nb3 Ne5 12.a4 Nc4 13.Bxc4 bxc4 14.Nd4 Rb8 15.e5 Qb7
16.b3 Nd5 17.Nxd5 Qxd5 18.Qc3 Bb4 19.Qxc4 Qxc4 20.bxc4 Bd2+  0-1

[Event "Gibraltar Masters"]
[Site "Caleta ENG"]
[Date "2011.02.03"]
[Round "10.24"]
[White "Robson,R"]
[Black "Andersen,Mad"]
[Result "1/2-1/2"]
[WhiteElo "2532"]
[BlackElo "2410"]

1.e4 c5 2.Nf3 e6 3.d4 cxd4 4.Nxd4 Nc6 5.Nc3 Qc7 6.Be3 a6 7.Qd2 Nf6 8.O-O-O Bb4
9.f3 O-O 10.g4 Ne5 11.a3 Bxc3 12.Qxc3 Qxc3 13.bxc3 d5 14.g5 Nh5 15.Be2 Ng6
16.exd5 exd5 17.Rhe1 Bh3 18.c4 Nhf4 19.Bxf4 Nxf4 20.cxd5 Nxd5 21.Bc4 Nb6
22.Bb3 Rfe8 23.f4 Bg4 24.Rxe8+ Rxe8 25.Rd3 g6 26.f5 gxf5 27.h3 Bh5 28.Nxf5 Bg6
29.Nh6+ Kf8 30.Rd6 Nc8 31.Rf6 Re7 32.h4 Rd7 33.Kb2 Nd6 34.Rf4 Ne8 35.a4 Kg7
36.Ng4 Rc7 37.Rd4 f6 38.a5 fxg5 39.hxg5 Rc5 40.Rd7+ Kf8 41.Nf6 Rc7 42.Ka3 Rxd7
43.Nxd7+ Ke7 44.Nc5 Kd6 45.Nxb7+ Kc6 46.Nd8+ Kb5 47.Nb7 Kc6 48.Nd8+ Kb5 49.c4+ Kxa5
50.c5 Kb5 51.Ne6 Kc6 52.Kb4 Kb7 53.Bd5+ Ka7 54.Nd4 Nc7 55.Bf3 Kb8 56.Ka5 Bf7
57.Kb6 Bd5 58.Be2 Be4 59.Bc4 a5 60.Kxa5 Kb7 61.Nb5 Kc6 62.Nxc7 Kxc5 63.Bg8 Kd6
64.Kb6 Bf5 65.Nd5 Be6 66.Nf6 Bxg8 67.Nxg8 Ke5 68.Nh6 Kf4 69.Nf7 Kf5 70.Kc6 Kg6  1/2-1/2

[Event "Moscow Open F Women"]
[Site "Moscow RUS"]
[Date "2011.02.04"]
[Round "7.41"]
[White "Mukhametgaleeva,R"]
[Black "Mokshanova,Elizaveta"]
[Result "1/2-1/2"]
[WhiteElo "1983"]
[BlackElo "1711"]

1.e4 c5 2.Nf3 e6 3.d4 cxd4 4.Nxd4 Nc6 5.Nc3 Qc7 6.f4 a6 7.Be3 Bb4 8.a3 Bxc3+
9.bxc3 Nf6 10.Bd3 Nxd4 11.cxd4 Qc3+ 12.Kf2 d5 13.e5 Nd7 14.g4 Nb6 15.Bd2 Qc6
16.Rb1 Nc4 17.Bb4 Bd7 18.Qc1 a5 19.Be1 b5 20.Kg2 O-O 21.g5 Rfc8 22.Rf1 Qb6
23.Rf3 g6 24.Bf2 b4 25.axb4 axb4 26.Qe1 Ra4 27.Rb3 Na5 28.Rb2 Bb5 29.Rxb4 Rxb4
30.Qxb4 Rb8 31.Bxb5 Qxb5 32.Qe1 Rc8 33.Ra3 Nc4 34.Rb3 Qa4 35.Kh1  1/2-1/2